[Event "CAN-op U1600 (Pinnacle 48th CAN Op Ch)"]
[Site "Toronto CAN"]
[Date "2011.07.11"]
[Round "3"]
[White "Muntaner, Daniel"]
[Black "Karpik, Steve"]
[Result "0-1"]
[WhiteElo "1252"]
[BlackElo "1482"]
[PlyCount "96"]
[GameId "2160767909707608"]
[EventDate "2011.07.09"]
[EventType "swiss"]
[EventRounds "9"]
[EventCountry "CAN"]
[SourceTitle "EXT 2022"]
[Source "ChessBase"]
[SourceDate "2021.10.06"]
[SourceVersion "1"]
[SourceVersionDate "2021.10.06"]
[SourceQuality "1"]

1. e4 d6 2. d4 Nf6 3. Nc3 g6 4. Nf3 Bg7 5. Bd3 O-O 6. O-O a6 7. Be3 Nbd7 8. Bf4 c5 9. e5 dxe5 10. Nxe5 cxd4 11. Nxd7 Qxd7 12. Ne2 Re8 13. Ng3 e5 14. Bg5 e4 15. Bxf6 exd3 16. Bxg7 dxc2 17. Qxc2 Kxg7 18. Rad1 Rd8 19. Ne2 d3 20. Rxd3 Qxd3 21. Qxd3 Rxd3 22. Nf4 Rd2 23. h3 Rxb2 24. Rd1 Bf5 25. g4 Be4 26. Rd4 Rb1+ 27. Kh2 Rh1+ 28. Kg3 Bc6 29. f3 Re8 30. Rd2 Re3 31. Rf2 Rc1 32. Ng2 Ra3 33. Nf4 Rcc3 34. Ne2 Rxf3+ 35. Rxf3 Rxf3+ 36. Kg2 Ra3+ 37. Kg1 Rxa2 38. Nd4 a5 39. Nxc6 bxc6 40. Kf1 a4 41. Ke1 a3 42. Kd1 Rb2 43. Kc1 c5 44. h4 c4 45. g5 c3 46. h5 a2 47. h6+ Kf8 48. Kd1 a1=Q# 0-1

[Event "CAN-op U1600 (Pinnacle 48th CAN Op Ch)"]
[Site "Toronto CAN"]
[Date "2011.07.11"]
[Round "3"]
[White "Noritsyn, Sergey"]
[Black "Molev, Daniel"]
[Result "1-0"]
[WhiteElo "1491"]
[BlackElo "1372"]
[PlyCount "70"]
[GameId "2160767909707609"]
[EventDate "2011.07.09"]
[EventType "swiss"]
[EventRounds "9"]
[EventCountry "CAN"]
[SourceTitle "EXT 2022"]
[Source "ChessBase"]
[SourceDate "2021.10.06"]
[SourceVersion "1"]
[SourceVersionDate "2021.10.06"]
[SourceQuality "1"]

1. b3 e5 2. e3 d5 3. Bb2 Nc6 4. Bb5 Bd6 5. f4 Qh4+ 6. g3 Qe7 7. Nc3 Nf6 8. fxe5 Bxe5 9. Nf3 Bg4 10. Qe2 a6 11. Bxc6+ bxc6 12. O-O-O Ne4 13. Nxe4 Bxb2+ 14. Kxb2 dxe4 15. Qc4 Qf6+ 16. Nd4 Bxd1 17. Rxd1 O-O 18. Rf1 Qd6 19. Nxc6 Rae8 20. Nd4 c5 21. Nf5 Qxd2 22. Qxc5 Rc8 23. Ne7+ Kh8 24. Nxc8 Rd8 25. Rxf7 Kg8 26. Qe7 Qxh2 27. Rxg7+ Kh8 28. Qxd8+ Kxg7 29. Qg5+ Kf7 30. Nd6+ Ke6 31. Nxe4 Qg2 32. Nc5+ Kd6 33. Nxa6 Qa8 34. Qc5+ Kd7 35. Qc7+ Ke8 1-0

[Event "CAN-op U1600 (Pinnacle 48th CAN Op Ch)"]
[Site "Toronto CAN"]
[Date "2011.07.11"]
[Round "3"]
[White "Smith, Maurice"]
[Black "Sirkovich, Daniel"]
[Result "1-0"]
[WhiteElo "1588"]
[BlackElo "1206"]
[PlyCount "189"]
[GameId "2160767909707611"]
[EventDate "2011.07.09"]
[EventType "swiss"]
[EventRounds "9"]
[EventCountry "CAN"]
[SourceTitle "EXT 2022"]
[Source "ChessBase"]
[SourceDate "2021.10.06"]
[SourceVersion "1"]
[SourceVersionDate "2021.10.06"]
[SourceQuality "1"]

1. c4 Nf6 2. Nc3 e6 3. d4 c5 4. d5 d6 5. e4 exd5 6. exd5 Bf5 7. Nf3 Nbd7 8. Be2 g6 9. O-O Bg7 10. Re1 O-O 11. Nh4 Be4 12. f3 Bf5 13. Nxf5 gxf5 14. Bd3 Ne5 15. Bf1 Re8 16. Bg5 h6 17. Be3 Re7 18. Qc2 Qd7 19. Rad1 Rae8 20. Qd2 Kh7 21. Qf2 a6 22. Qd2 b6 23. b3 Rg8 24. Ne2 Bf8 25. Kh1 b5 26. Ng3 Ng6 27. Bd3 Nh4 28. Qc2 Kh8 29. Bxf5 Qe8 30. Bf2 Re5 31. f4 Re7 32. Rxe7 Qxe7 33. Re1 Qd8 34. Qe2 Qb8 35. Bh3 Bg7 36. Qc2 Ng6 37. Be3 Re8 38. Qd2 Qc7 39. Bf2 Qd8 40. Rxe8+ Qxe8 41. Qe3 bxc4 42. bxc4 Qa4 43. Qb3 Qxb3 44. axb3 Nxf4 45. Bc8 Nd3 46. Be3 a5 47. Bd2 Nb4 48. Nf5 Ne4 49. Bf4 Bd4 50. h3 Nf2+ 51. Kh2 Be5 52. Bxe5+ dxe5 53. d6 Ne4 54. Bb7 Nf6 55. Nxh6 Kg7 56. Nf5+ Kg6 57. Ne7+ Kg7 58. Nc6 e4 59. Ne5 e3 60. Bf3 Nc2 61. d7 Nxd7 62. Nxd7 Nd4 63. Bd1 e2 64. Bxe2 Nxe2 65. Nxc5 Nd4 66. g4 f5 67. gxf5 Nxf5 68. Nb7 a4 69. bxa4 Nd4 70. a5 Nc6 71. a6 Kf7 72. Nd8+ Nxd8 73. a7 Ne6 74. a8=Q Kf6 75. Kg3 Kf5 76. Qf3+ Ke5 77. h4 Kd4 78. Qg4+ Ke5 79. h5 Kd6 80. h6 Nf8 81. h7 Nxh7 82. Qg6+ Kc5 83. Qxh7 Kxc4 84. Qe4+ Kc5 85. Kf4 Kd6 86. Kf5 Kc5 87. Ke6 Kb5 88. Qd5+ Kb4 89. Qc6 Kb3 90. Qc5 Ka4 91. Qb6 Ka3 92. Kd5 Ka2 93. Kc4 Ka1 94. Kc3 Ka2 95. Qb2# 1-0

[Event "CAN-op U1600 (Pinnacle 48th CAN Op Ch)"]
[Site "Toronto CAN"]
[Date "2011.07.11"]
[Round "3"]
[White "Supol, George"]
[Black "Zhong, Joey"]
[Result "1-0"]
[WhiteElo "1401"]
[BlackElo "1123"]
[PlyCount "67"]
[GameId "2160767909707612"]
[EventDate "2011.07.09"]
[EventType "swiss"]
[EventRounds "9"]
[EventCountry "CAN"]
[SourceTitle "EXT 2022"]
[Source "ChessBase"]
[SourceDate "2021.10.06"]
[SourceVersion "1"]
[SourceVersionDate "2021.10.06"]
[SourceQuality "1"]

1. c4 Nf6 2. Nf3 c5 3. Nc3 Nc6 4. d4 cxd4 5. Nxd4 g6 6. Nxc6 bxc6 7. g3 Bg7 8. Bg2 O-O 9. O-O Bb7 10. Rb1 Rb8 11. Bf4 d6 12. Qc2 Qd7 13. e4 Nh5 14. Be3 c5 15. Rfd1 Rfd8 16. Bxc5 Ba6 17. b3 Qc7 18. Bd4 Bxd4 19. Rxd4 Nf6 20. Rc1 Rb6 21. Na4 Rbb8 22. Nc3 Bb7 23. Nd5 Bxd5 24. exd5 Qc5 25. Rcd1 Rb6 26. Qe2 e5 27. dxe6 Re8 28. exf7+ Kxf7 29. Qd3 Nd7 30. Bd5+ Kg7 31. Qc3 Ne5 32. Rf4 Rf8 33. Kg2 Rbb8 34. Rd2 1-0

[Event "CAN-op U1600 (Pinnacle 48th CAN Op Ch)"]
[Site "Toronto CAN"]
[Date "2011.07.11"]
[Round "3"]
[White "Toussaint, Claude"]
[Black "Xu, Jeffrey"]
[Result "0-1"]
[WhiteElo "1455"]
[BlackElo "1275"]
[PlyCount "84"]
[GameId "2160767909707613"]
[EventDate "2011.07.09"]
[EventType "swiss"]
[EventRounds "9"]
[EventCountry "CAN"]
[SourceTitle "EXT 2022"]
[Source "ChessBase"]
[SourceDate "2021.10.06"]
[SourceVersion "1"]
[SourceVersionDate "2021.10.06"]
[SourceQuality "1"]

1. e4 c5 2. Nf3 Nc6 3. d4 cxd4 4. Nxd4 Qc7 5. Nc3 g6 6. Be3 a6 7. Qd2 Bg7 8. O-O-O b5 9. Nd5 Qb7 10. f3 d6 11. Nxc6 Qxc6 12. Qa5 Rb8 13. Nc7+ Kd7 14. Nd5 Bb7 15. Qd2 Ke8 16. g4 Rc8 17. g5 a5 18. a3 Ba6 19. h4 h6 20. Bg2 e6 21. Nf4 Ne7 22. Ne2 b4 23. axb4 Qa4 24. Kb1 Bxe2 25. Qxe2 Qxb4 26. Bc1 a4 27. Qd3 d5 28. Qa3 Qb5 29. Bf1 Qc6 30. Bd3 Rb8 31. gxh6 Bxh6 32. Bxh6 Rxh6 33. Ka1 Kd8 34. exd5 Nxd5 35. Qf8+ Kc7 36. Qxh6 a3 37. Qg7 axb2+ 38. Qxb2 Rxb2 39. Kxb2 Qc3+ 40. Kc1 Nb4 41. Kb1 Qa3 42. Rhg1 Nd5 0-1

[Event "CAN-op U1600 (Pinnacle 48th CAN Op Ch)"]
[Site "Toronto CAN"]
[Date "2011.07.11"]
[Round "3"]
[White "Villaluz, Ernesto"]
[Black "Yie, Kevin Yi Xiao"]
[Result "0-1"]
[WhiteElo "1203"]
[BlackElo "1431"]
[PlyCount "72"]
[GameId "2160767909707614"]
[EventDate "2011.07.09"]
[EventType "swiss"]
[EventRounds "9"]
[EventCountry "CAN"]
[SourceTitle "EXT 2022"]
[Source "ChessBase"]
[SourceDate "2021.10.06"]
[SourceVersion "1"]
[SourceVersionDate "2021.10.06"]
[SourceQuality "1"]

1. d4 Nf6 2. c4 e6 3. Nc3 Bb4 4. Bd2 d5 5. e3 O-O 6. a3 Be7 7. Bd3 c6 8. Nf3 dxc4 9. Bxc4 b5 10. Bd3 a6 11. O-O c5 12. Bb1 Bb7 13. h3 Nc6 14. dxc5 Bxc5 15. b4 Be7 16. Qc2 h6 17. Rd1 Qc7 18. Ne2 Rac8 19. Bc3 e5 20. Nh4 Rfe8 21. Ba2 Kh8 22. Rd2 Nxb4 23. axb4 Be4 24. Qb3 Bf5 25. Qd1 Ne4 26. Rc2 Bxb4 27. Bxf7 Nxc3 28. Rxc3 Bxc3 29. Rc1 Qxf7 30. Nxc3 Rc4 31. Ne2 Rec8 32. Rxc4 Qxc4 33. Kh2 Qc2 34. Qe1 Qd3 35. Ng3 Qc3 36. Qd1 b4 0-1

[Event "CAN-op U1600 (Pinnacle 48th CAN Op Ch)"]
[Site "Toronto CAN"]
[Date "2011.07.12"]
[Round "4"]
[White "Cvetkovic, Milan"]
[Black "Blium, Benjamin"]
[Result "0-1"]
[WhiteElo "1208"]
[BlackElo "1382"]
[PlyCount "36"]
[GameId "2160767909707616"]
[EventDate "2011.07.09"]
[EventType "swiss"]
[EventRounds "9"]
[EventCountry "CAN"]
[SourceTitle "EXT 2022"]
[Source "ChessBase"]
[SourceDate "2021.10.06"]
[SourceVersion "1"]
[SourceVersionDate "2021.10.06"]
[SourceQuality "1"]

1. e4 c5 2. Nf3 d6 3. Bb5+ Bd7 4. Bxd7+ Nxd7 5. O-O Ngf6 6. Nc3 g6 7. d3 Bg7 8. Bg5 Qb6 9. Rb1 O-O 10. Qd2 e6 11. Kh1 Rfe8 12. Rfe1 Rac8 13. Be3 Ng4 14. Bf4 Nge5 15. Nxe5 Nxe5 16. h3 Rf8 17. Bh6 Nc6 18. f4 Bxh6 0-1

[Event "CAN-op U1600 (Pinnacle 48th CAN Op Ch)"]
[Site "Toronto CAN"]
[Date "2011.07.12"]
[Round "4"]
[White "Doknjas, Joshua"]
[Black "Villaluz, Ernesto"]
[Result "1-0"]
[WhiteElo "1502"]
[BlackElo "1203"]
[PlyCount "135"]
[GameId "2160767909707617"]
[EventDate "2011.07.09"]
[EventType "swiss"]
[EventRounds "9"]
[EventCountry "CAN"]
[SourceTitle "EXT 2022"]
[Source "ChessBase"]
[SourceDate "2021.10.06"]
[SourceVersion "1"]
[SourceVersionDate "2021.10.06"]
[SourceQuality "1"]

1. e4 d6 2. d4 g6 3. Nc3 Bg7 4. Nf3 a6 5. Bc4 e6 6. Be3 Ne7 7. O-O Nd7 8. Qd2 O-O 9. Bh6 b5 10. Bxg7 Kxg7 11. Bb3 c5 12. a4 c4 13. Ba2 bxa4 14. Bxc4 Nb6 15. Bd3 Bd7 16. e5 d5 17. h3 Qc7 18. Qe2 a5 19. Nb5 Bxb5 20. Bxb5 Rab8 21. Rfb1 Rfc8 22. c3 Ra8 23. Bxa4 Nxa4 24. Rxa4 Rcb8 25. Ne1 Nc8 26. h4 Nb6 27. Ra2 Nc4 28. Nd3 Qe7 29. g3 a4 30. Nb4 Qb7 31. Rba1 Qd7 32. Qd1 Nb6 33. h5 h6 34. Kg2 Rf8 35. Qd2 Qe8 36. Rh1 Rh8 37. g4 g5 38. f4 Qe7 39. fxg5 Qxg5 40. Qxg5+ hxg5 41. Rha1 Nc4 42. Nd3 Rhb8 43. Kf2 a3 44. bxa3 Rb3 45. Rc2 Nxa3 46. Rcc1 Rab8 47. Kf3 Nb1 48. Ke3 Nxc3 49. Rc2 f6 50. exf6+ Kxf6 51. Rf1+ Kg7 52. Nc5 Ra3 53. Nxe6+ Kg8 54. Kf2 Ne4+ 55. Kg1 Rg3+ 56. Rg2 Re3 57. Nc7 Ng3 58. Rd1 Ne2+ 59. Kh2 Rbb3 60. Kh1 Rb2 61. Rh2 Ng3+ 62. Kg1 Ne2+ 63. Kh1 Ng3+ 64. Kg1 Rxh2 65. Kxh2 Ne4 66. Nxd5 Rg3 67. Re1 Rxg4 68. Rxe4 1-0

[Event "CAN-op U1600 (Pinnacle 48th CAN Op Ch)"]
[Site "Toronto CAN"]
[Date "2011.07.12"]
[Round "4"]
[White "France, Kyle"]
[Black "Smith, Maurice"]
[Result "0-1"]
[WhiteElo "1490"]
[BlackElo "1588"]
[PlyCount "100"]
[GameId "2160767909707618"]
[EventDate "2011.07.09"]
[EventType "swiss"]
[EventRounds "9"]
[EventCountry "CAN"]
[SourceTitle "EXT 2022"]
[Source "ChessBase"]
[SourceDate "2021.10.06"]
[SourceVersion "1"]
[SourceVersionDate "2021.10.06"]
[SourceQuality "1"]

1. f4 d5 2. b3 Nf6 3. Bb2 c5 4. Nf3 Nc6 5. e3 Bf5 6. Bb5 Bd7 7. Bxc6 Bxc6 8. Ne5 e6 9. d3 Bd6 10. Nd2 O-O 11. Qe2 Rc8 12. g4 d4 13. e4 Qc7 14. Ndc4 Bxe5 15. Nxe5 Qa5+ 16. Kf2 Qc7 17. Qf3 Nd7 18. Nxc6 Qxc6 19. Rag1 f5 20. gxf5 exf5 21. Qg3 g6 22. e5 Rce8 23. Re1 Re6 24. h4 Rfe8 25. Bc1 Nf8 26. Rhg1 b5 27. Qg5 Kh8 28. h5 Qc8 29. Qh6 Qd7 30. Rg2 Qg7 31. Qg5 Qe7 32. Qg3 Qf7 33. Reg1 R8e7 34. Qh2 a6 35. Bd2 Rc7 36. Be1 c4 37. Kf1 cxd3 38. cxd3 Rc1 39. Rc2 Rxc2 40. Qxc2 Qb7 41. Qf2 Qd5 42. Bb4 Kg8 43. Ba3 Qc6 44. Qxd4 Qf3+ 45. Ke1 Qxh5 46. Bxf8 Qh4+ 47. Kd2 Kxf8 48. Kc3 Rc6+ 49. Kb4 Qe7+ 50. Ka5 Qa3+ 0-1

[Event "CAN-op U1600 (Pinnacle 48th CAN Op Ch)"]
[Site "Toronto CAN"]
[Date "2011.07.12"]
[Round "4"]
[White "Law, James"]
[Black "Gomes, Michael"]
[Result "0-1"]
[WhiteElo "1462"]
[BlackElo "1042"]
[PlyCount "142"]
[GameId "2160767909707619"]
[EventDate "2011.07.09"]
[EventType "swiss"]
[EventRounds "9"]
[EventCountry "CAN"]
[SourceTitle "EXT 2022"]
[Source "ChessBase"]
[SourceDate "2021.10.06"]
[SourceVersion "1"]
[SourceVersionDate "2021.10.06"]
[SourceQuality "1"]

1. c4 e5 2. Nc3 Nf6 3. Nf3 Nc6 4. d3 Bc5 5. g3 Ng4 6. Ne4 Qe7 7. Bg2 f5 8. Nxc5 Qxc5 9. O-O d6 10. a3 a5 11. Rb1 O-O 12. Bd2 a4 13. Ng5 h6 14. Nf3 e4 15. Ne1 e3 16. Bxe3 Nxe3 17. fxe3 Qxe3+ 18. Kh1 Nd4 19. Nc2 Nxc2 20. Qxc2 Ra5 21. Rf3 Qe7 22. Rbf1 Re5 23. R3f2 Re8 24. Re1 g5 25. Qxa4 f4 26. gxf4 gxf4 27. Bf3 Qh4 28. Rg1+ Kh8 29. Rfg2 Bh3 30. Rg6 R8e7 31. Rg8+ Kh7 32. Qe8 Bg2+ 33. R1xg2 Qe1+ 34. Rg1 Qxg1+ 35. Kxg1 Rxe8 36. Rg2 c6 37. b4 Ra8 38. Be4+ Kh8 39. Rg6 Rg5+ 40. Rxg5 hxg5 41. Kg2 Rxa3 42. b5 cxb5 43. cxb5 Rb3 44. Bxb7 Rxb5 45. Be4 Kg7 46. Kh3 d5 47. Bf3 Kf6 48. Kg4 d4 49. h4 gxh4 50. Kxh4 Rg5 51. Kh3 Ke7 52. Kh4 Rg7 53. Kh3 Kd6 54. Kh4 Kc5 55. Kh5 Kb4 56. Kh6 Rg1 57. Kh5 Kc3 58. Kh4 Kd2 59. Kh3 Rg3+ 60. Kh4 Rxf3 61. exf3 Ke2 62. Kg4 Ke3 63. Kh3 Kxf3 64. Kh2 Ke2 65. Kg2 f3+ 66. Kh2 f2 67. Kg2 f1=Q+ 68. Kg3 Qf3+ 69. Kh2 Qg4 70. Kh1 Kf2 71. Kh2 Qg2# 0-1

[Event "CAN-op U1600 (Pinnacle 48th CAN Op Ch)"]
[Site "Toronto CAN"]
[Date "2011.07.12"]
[Round "4"]
[White "Molev, Daniel"]
[Black "Teram, Eli"]
[Result "1-0"]
[WhiteElo "1372"]
[BlackElo "1213"]
[PlyCount "57"]
[GameId "2160767909707621"]
[EventDate "2011.07.09"]
[EventType "swiss"]
[EventRounds "9"]
[EventCountry "CAN"]
[SourceTitle "EXT 2022"]
[Source "ChessBase"]
[SourceDate "2021.10.06"]
[SourceVersion "1"]
[SourceVersionDate "2021.10.06"]
[SourceQuality "1"]

1. e4 e5 2. Nc3 Nf6 3. f4 Nc6 4. fxe5 Nxe5 5. d4 Nc6 6. Bg5 Be7 7. Be3 d6 8. Qd2 Ng4 9. Bf4 Bf6 10. h3 Nh6 11. Bxh6 Bh4+ 12. Ke2 gxh6 13. d5 Bg5 14. Qd3 Ne5 15. Qd4 Bf6 16. Qe3 b6 17. Nf3 Nxf3 18. gxf3 Bg5 19. f4 Bh4 20. Kf3 Bd7 21. Bb5 h5 22. Rag1 Qe7 23. e5 O-O-O 24. Rg7 Bf5 25. e6 Qf6 26. Rxf7 Qg6 27. Rg1 Qh6 28. Rxf5 Be7 29. Rf7 1-0

[Event "CAN-op U1600 (Pinnacle 48th CAN Op Ch)"]
[Site "Toronto CAN"]
[Date "2011.07.12"]
[Round "4"]
[White "Perez, Matthew"]
[Black "Vera, Jesus"]
[Result "0-1"]
[WhiteElo "1306"]
[BlackElo "1324"]
[PlyCount "46"]
[GameId "2160767909707622"]
[EventDate "2011.07.09"]
[EventType "swiss"]
[EventRounds "9"]
[EventCountry "CAN"]
[SourceTitle "EXT 2022"]
[Source "ChessBase"]
[SourceDate "2021.10.06"]
[SourceVersion "1"]
[SourceVersionDate "2021.10.06"]
[SourceQuality "1"]

1. e3 d5 2. h3 e5 3. a3 Nc6 4. d3 Nf6 5. Nf3 Bd6 6. b3 O-O 7. Bb2 Re8 8. Qd2 e4 9. Nh2 Bf5 10. Nc3 Be5 11. O-O-O d4 12. Na2 dxe3 13. Qxe3 Bxb2+ 14. Kxb2 exd3 15. Qc5 Qd4+ 16. Qxd4 Nxd4 17. cxd3 c5 18. g4 Be6 19. b4 b6 20. Bg2 Rad8 21. b5 Bd5 22. Nf3 Re2+ 23. Kb1 Bxa2+ 0-1

[Event "CAN-op U1600 (Pinnacle 48th CAN Op Ch)"]
[Site "Toronto CAN"]
[Date "2011.07.12"]
[Round "4"]
[White "Rogers, Michael"]
[Black "Supol, George"]
[Result "1-0"]
[WhiteElo "1541"]
[BlackElo "1401"]
[PlyCount "93"]
[GameId "2160767909707623"]
[EventDate "2011.07.09"]
[EventType "swiss"]
[EventRounds "9"]
[EventCountry "CAN"]
[SourceTitle "EXT 2022"]
[Source "ChessBase"]
[SourceDate "2021.10.06"]
[SourceVersion "1"]
[SourceVersionDate "2021.10.06"]
[SourceQuality "1"]

1. e4 c6 2. d4 d5 3. Nc3 dxe4 4. Nxe4 Bf5 5. Ng3 Bg6 6. N1e2 e6 7. h4 h5 8. Nf4 Bd6 9. Ngxh5 Bxf4 10. Nxf4 Rxh4 11. Rxh4 Qxh4 12. Nxg6 fxg6 13. g3 Qe7 14. Qg4 Qf7 15. Bd3 Ne7 16. Bg5 Nf5 17. O-O-O Nd7 18. Bc4 Nb6 19. Bb3 Nd5 20. Re1 Kd7 21. Qe4 Re8 22. c4 Nc7 23. Qe5 Kc8 24. Qf4 Qd7 25. Rd1 Ne7 26. Qe5 b5 27. Qxg7 bxc4 28. Bxc4 Ncd5 29. Ba6+ Kd8 30. Qxg6 Nb4 31. Bc4 Nbd5 32. Re1 Kc7 33. Qxe6 Qxe6 34. Rxe6 Kd7 35. Bxd5 Nxd5 36. Rxe8 Kxe8 37. Kd2 Kf7 38. f4 Kg6 39. a3 Kf5 40. Kd3 Nb6 41. b3 a6 42. a4 a5 43. Bd8 Nd5 44. Bxa5 Kg4 45. Be1 Nb4+ 46. Bxb4 Kxg3 47. Ke3 1-0

[Event "CAN-op U1600 (Pinnacle 48th CAN Op Ch)"]
[Site "Toronto CAN"]
[Date "2011.07.12"]
[Round "4"]
[White "Sirkovich, Daniel"]
[Black "Karpik, Steve"]
[Result "0-1"]
[WhiteElo "1206"]
[BlackElo "1482"]
[PlyCount "144"]
[GameId "2160767909707624"]
[EventDate "2011.07.09"]
[EventType "swiss"]
[EventRounds "9"]
[EventCountry "CAN"]
[SourceTitle "EXT 2022"]
[Source "ChessBase"]
[SourceDate "2021.10.06"]
[SourceVersion "1"]
[SourceVersionDate "2021.10.06"]
[SourceQuality "1"]

1. e4 d6 2. d4 Nf6 3. Nc3 g6 4. Nf3 Bg7 5. Be2 O-O 6. h3 a6 7. Be3 b5 8. Bd3 Bb7 9. d5 c5 10. dxc6 Nxc6 11. a3 Rc8 12. O-O Na5 13. Qd2 Nc4 14. Qc1 Nxe3 15. Qxe3 Nd7 16. Qd2 Qa5 17. Nd1 Qxd2 18. Nxd2 Nc5 19. Rb1 Nxd3 20. cxd3 Rc2 21. Nf3 Rfc8 22. b3 a5 23. Re1 Ra2 24. a4 b4 25. d4 Ba6 26. e5 Bd3 27. Rb2 Ra1 28. Rd2 Bc2 29. exd6 exd6 30. Nb2 Rxe1+ 31. Nxe1 Bxb3 32. Nf3 Bh6 33. Re2 Rc1+ 34. Kh2 Rc2 35. Rxc2 Bxc2 36. Nc4 d5 37. Nxa5 Bxa4 38. Ne5 b3 39. Nxb3 Bxb3 40. Kg3 Bd2 41. Nc6 Bc3 42. Kf3 Kg7 43. Ke3 Bc4 44. g4 g5 45. f4 f6 46. f5 Kf8 47. Nd8 Ke8 48. Ne6 Ba5 49. Kf2 Ke7 50. Kf3 Bb3 51. Nc5 Bd1+ 52. Ke3 h5 53. Nb7 Bb4 54. Nc5 Bxc5 55. dxc5 hxg4 56. hxg4 Bxg4 57. c6 Kd6 58. c7 Kxc7 59. Kd4 Kd6 60. Kd3 Bxf5+ 61. Ke3 Ke5 62. Kf3 d4 63. Ke2 d3+ 64. Kf2 Kd4 65. Ke1 Kc3 66. Kf2 Kc2 67. Kf3 d2 68. Kf2 d1=Q 69. Kg3 Qd3+ 70. Kf2 Bh3 71. Kg1 Qf1+ 72. Kh2 Qg2# 0-1

[Event "CAN-op U1600 (Pinnacle 48th CAN Op Ch)"]
[Site "Toronto CAN"]
[Date "2011.07.12"]
[Round "4"]
[White "Termeer, Ted"]
[Black "Milicevic, Ljudmila"]
[Result "1/2-1/2"]
[WhiteElo "1403"]
[BlackElo "1048"]
[PlyCount "84"]
[GameId "2160767909707626"]
[EventDate "2011.07.09"]
[EventType "swiss"]
[EventRounds "9"]
[EventCountry "CAN"]
[SourceTitle "EXT 2022"]
[Source "ChessBase"]
[SourceDate "2021.10.06"]
[SourceVersion "1"]
[SourceVersionDate "2021.10.06"]
[SourceQuality "1"]

1. Nf3 Nc6 2. d4 d5 3. Bf4 Bf5 4. a3 Nf6 5. Nc3 a6 6. h3 h5 7. e3 e6 8. Bd3 g6 9. Bg5 Be7 10. Ne5 Nxe5 11. dxe5 Ne4 12. Bxe7 Qxe7 13. Bxe4 Bxe4 14. O-O g5 15. f3 Bg6 16. g4 hxg4 17. hxg4 O-O-O 18. Kg2 Qc5 19. Qe2 d4 20. exd4 Rxd4 21. Rad1 Rxd1 22. Rxd1 b5 23. Rd2 Kb7 24. Na2 a5 25. Nc3 Kb6 26. Qf2 Qxf2+ 27. Rxf2 Rd8 28. Re2 Rf8 29. Ne4 Bxe4 30. Rxe4 Rd8 31. Re2 c5 32. Kf2 b4 33. axb4 axb4 34. b3 Kc6 35. Ke1 Rd4 36. Kf2 Rd1 37. Ke3 Rc1 38. Kd2 Rf1 39. Re3 Kd5 40. Ke2 Rc1 41. Kd2 Rf1 42. Ke2 Rc1 1/2-1/2

[Event "CAN-op U1600 (Pinnacle 48th CAN Op Ch)"]
[Site "Toronto CAN"]
[Date "2011.07.12"]
[Round "4"]
[White "Tismenko, Dennis"]
[Black "Cui, Gordon"]
[Result "1-0"]
[WhiteElo "1496"]
[BlackElo "1303"]
[PlyCount "57"]
[GameId "2160767909707627"]
[EventDate "2011.07.09"]
[EventType "swiss"]
[EventRounds "9"]
[EventCountry "CAN"]
[SourceTitle "EXT 2022"]
[Source "ChessBase"]
[SourceDate "2021.10.06"]
[SourceVersion "1"]
[SourceVersionDate "2021.10.06"]
[SourceQuality "1"]

1. e4 c5 2. Nc3 Nc6 3. f4 e6 4. Nf3 g6 5. Bc4 d6 6. d3 Bg7 7. O-O Nge7 8. Kh1 O-O 9. Qe1 d5 10. Bb3 d4 11. Ne2 b5 12. Bd2 Ba6 13. a4 Rb8 14. Qc1 Qb6 15. axb5 Bxb5 16. Ng3 Bxd3 17. cxd3 Qxb3 18. Qxc5 Qxd3 19. b4 Qb5 20. Qc2 d3 21. Qb3 Bxa1 22. Rxa1 a5 23. Ne1 axb4 24. Qb2 Qc4 25. Rc1 Qb5 26. f5 exf5 27. Qf6 Nd8 28. Bh6 Ne6 29. Nxd3 1-0

[Event "CAN-op U1600 (Pinnacle 48th CAN Op Ch)"]
[Site "Toronto CAN"]
[Date "2011.07.12"]
[Round "4"]
[White "Tismenko, Tetyana"]
[Black "Li, Robert"]
[Result "1-0"]
[WhiteElo "1297"]
[BlackElo "1347"]
[PlyCount "37"]
[GameId "2160767909707628"]
[EventDate "2011.07.09"]
[EventType "swiss"]
[EventRounds "9"]
[EventCountry "CAN"]
[SourceTitle "EXT 2022"]
[Source "ChessBase"]
[SourceDate "2021.10.06"]
[SourceVersion "1"]
[SourceVersionDate "2021.10.06"]
[SourceQuality "1"]

1. e4 e5 2. Nf3 Nc6 3. Bb5 a6 4. Ba4 Nf6 5. d3 b5 6. Bb3 Bc5 7. O-O O-O 8. c3 d5 9. exd5 Nxd5 10. Re1 Qd6 11. Nbd2 f5 12. c4 bxc4 13. Nxc4 Qf6 14. Ncxe5 Qd6 15. Nxc6 Qxc6 16. Re5 Rd8 17. Bg5 Rd6 18. Be7 Rd7 19. Rc1 1-0

[Event "CAN-op U1600 (Pinnacle 48th CAN Op Ch)"]
[Site "Toronto CAN"]
[Date "2011.07.12"]
[Round "4"]
[White "Xu, Jeffrey"]
[Black "Noritsyn, Sergey"]
[Result "1-0"]
[WhiteElo "1275"]
[BlackElo "1491"]
[PlyCount "73"]
[GameId "2160767909707630"]
[EventDate "2011.07.09"]
[EventType "swiss"]
[EventRounds "9"]
[EventCountry "CAN"]
[SourceTitle "EXT 2022"]
[Source "ChessBase"]
[SourceDate "2021.10.06"]
[SourceVersion "1"]
[SourceVersionDate "2021.10.06"]
[SourceQuality "1"]

1. e4 b6 2. Nf3 Bb7 3. Nc3 e6 4. d3 Bb4 5. Bd2 Nf6 6. a3 Bxc3 7. Bxc3 d6 8. Be2 Nbd7 9. O-O O-O 10. Qd2 Qe7 11. Qe3 Rad8 12. Nd2 c5 13. f4 d5 14. exd5 Nxd5 15. Qg3 Nxc3 16. bxc3 Qf6 17. c4 Qc3 18. Rfd1 Qxc2 19. f5 e5 20. Qg4 Qc3 21. Nf3 Bxf3 22. Qxf3 Qd4+ 23. Kh1 Nf6 24. g4 e4 25. Qg3 exd3 26. Bxd3 Qxg4 27. Rg1 Qxg3 28. Rxg3 Nh5 29. Rf3 Rd4 30. Be2 Nf4 31. Bf1 Rfd8 32. a4 Nd3 33. Ra3 Ne5 34. Rfe3 Nxc4 35. Bxc4 Rxc4 36. Rad3 Rxd3 37. Re8# 1-0

[Event "CAN-op U1600 (Pinnacle 48th CAN Op Ch)"]
[Site "Toronto CAN"]
[Date "2011.07.12"]
[Round "4"]
[White "Yu, Stephen"]
[Black "Lean, Nathan"]
[Result "0-1"]
[WhiteElo "1334"]
[BlackElo "1515"]
[PlyCount "68"]
[GameId "2160767909707631"]
[EventDate "2011.07.09"]
[EventType "swiss"]
[EventRounds "9"]
[EventCountry "CAN"]
[SourceTitle "EXT 2022"]
[Source "ChessBase"]
[SourceDate "2021.10.06"]
[SourceVersion "1"]
[SourceVersionDate "2021.10.06"]
[SourceQuality "1"]

1. e4 c5 2. Nf3 d6 3. d4 cxd4 4. Nxd4 Nf6 5. Nc3 Nc6 6. Be2 g6 7. O-O Bg7 8. Be3 O-O 9. Qd2 Bd7 10. f3 Rc8 11. Nxc6 Bxc6 12. Kh1 Nd7 13. Bh6 Qb6 14. Bxg7 Kxg7 15. Rab1 Nc5 16. Qd4+ Kg8 17. Nd5 Bxd5 18. Qxd5 Ne6 19. Qd2 Rc7 20. c3 Qa5 21. b4 Qb6 22. f4 Qc6 23. Rbc1 Qxe4 24. Bd3 Qd5 25. f5 Ng7 26. fxg6 hxg6 27. Rf3 Ne6 28. Rg3 Kg7 29. c4 Qd4 30. Rf1 Rh8 31. Rgf3 f6 32. Qe2 Ng5 33. Rf4 Qe5 34. Qc2 Ne6 0-1